Modulárny systém MoBioSandbox na platforme Android
Guardado en:
| Autor principal: | |
|---|---|
| Otros Autores: | |
| Formato: | Manuscrito Libro |
| Lenguaje: | eslovaco |
| Publicado: |
2015
|
| Materias: | |
| Acceso en línea: | http://is.stuba.sk/zp/portal_zp.pl?podrobnosti=97649 |
| Etiquetas: |
Sin Etiquetas, Sea el primero en etiquetar este registro!
|
MARC
| LEADER | 00000ntm a22000003a 4500 | ||
|---|---|---|---|
| 001 | stuzp49316 | ||
| 003 | SK-STU | ||
| 005 | 20160719153236.6 | ||
| 007 | ta | ||
| 008 | 150427s2015----xo-----f-mn---000-0-slo-d | ||
| 040 | |a STU |b slo | ||
| 041 | 0 | |a slo | |
| 100 | 1 | |a Kertýs, Jakub |u 035000 |4 aut |U FEI Fakulta elektrotechniky a informatiky |T FEI Ústav informatiky a matematiky |X 53633 |U E050 |Y 816 |7 53633 | |
| 242 | 0 | 1 | |a Modular System MoBioSandbox on Android platform |y eng |
| 245 | 1 | 0 | |a Modulárny systém MoBioSandbox na platforme Android |
| 260 | |c 2015 | ||
| 300 | |a 44 s., príl. |b CD-ROM | ||
| 650 | 4 | |a OpenCV |2 slo | |
| 650 | 4 | |a Biometria |2 slo | |
| 650 | 4 | |a Android |2 slo | |
| 650 | 4 | |a Detekcia |2 slo | |
| 650 | 4 | |a Android |2 eng | |
| 650 | 4 | |a Detection |2 eng | |
| 650 | 4 | |a Biometrics |2 eng | |
| 650 | 4 | |a OpenCV |2 eng | |
| 700 | 1 | |a Jirka, Vojtěch |4 ths |X 50773 |7 A000050773 | |
| 856 | 4 | |u http://is.stuba.sk/zp/portal_zp.pl?podrobnosti=97649 | |
| 996 | |b 284ER01864 |c E*Bc- 1864 |l EE35 |s P |a 0 |w stuzp49316_0001 | ||
| SQL | |a stuzp49316 |b DBP |c SLO |d Modulárny systém MoBioSandbox na platforme Android |e 53633 |f Kertýs, Jakub |g 035000 |h 50773 |i Jirka, Vojtěch |j 20150707 |k 73 |l 03 |m http://is.stuba.sk/zp/portal_zp.pl?podrobnosti=97649 |n B-API |o 9.2.9. aplikovaná informatika | ||